| 000 | 00689nac a22002171u 4500 | ||
|---|---|---|---|
| 010 | _a 92007494 | ||
| 020 | _a0582095476 | ||
| 082 | 0 | 0 |
_a338.09 _bKEM |
| 090 |
_c9757 _d9757 |
||
| 100 | _aKemp, Tom, | ||
| 245 | 1 | 0 |
_aHistorical patterns of industrialization / _cTom Kemp. |
| 250 | _a2nd ed. | ||
| 260 |
_aLondon ; _aNew York : _bLongman,1993 _c1993 |
||
| 300 |
_ax, 218 p. ; _c22 cm. |
||
| 504 | _aIncludes bibliographical references (p. 201-209) and index. | ||
| 511 | _acatalogued by: wessam | ||
| 650 | 0 |
_aIndustrialization _xHistory. |
|
| 650 | 0 | _aEconomic history. | |
| 650 | 0 | _aEconomic development. | |
| 942 |
_cBB _k338.09KEM |
||
| 999 |
_c9757 _d9757 |
||